Úprimnosťou k spolupráci

Bibliographic Details
Main Author: Lutherová, Viera (Author)
Format: Article
Language:Slovak
PhysicalDescription:Fotogr.
ISSN:1338-0338
Subjects:
Online Access:www.dobraskola.com

MARC

LEADER 00000nab a2200000 ar4500
001 vtls010689779
003 SK-MaSNL
005 20260304230040.0
008 150701c2015 xo qr|p||| |000 b|slo
015 |a SNBRB2015/06 
038 |a SPK 
040 |a SPKCL  |b slo  |c AACR2  |e AACR2 
041 0 |a slo 
044 |a xo  |c SK 
072 7 |a 316.4/.7  |x Sociálne interakcie  |2 konspekt 
072 7 |a 17  |x Etika. Morálna filozofia  |2 konspekt 
080 |a 316.472.4  |2 2001 
080 |a 177.3  |2 2001 
100 1 |a Lutherová, Viera  |4 aut  |9 1087323 
245 1 0 |a Úprimnosťou k spolupráci  |c Viera Lutherová 
300 |b Fotogr. 
650 0 7 |a interpersonálne vzťahy  |2 snkbucl  |9 3770 
650 0 7 |a vzťah rodičia-dieťa  |2 snkbucl  |9 71723 
650 0 7 |a vzťah učiteľ-žiak  |2 snkbucl  |9 71238 
650 0 7 |a nespokojnosť  |2 snkbucl  |9 29716 
650 0 7 |a úprimnosť  |2 snkbucl  |9 492621 
650 0 7 |a spolupráca  |2 snkbucl  |9 20291 
773 0 |t Dobrá škola  |g Roč. VI, č. 10 (2015), s. 13  |x 1338-0338 
852 |a SPK  |b KIS3GCP 
856 4 1 |u www.dobraskola.com 
999 |c 3181007  |d 3182937